Statistics for Top 5 Memphis Grizzlies Players Per Position

Click here to take the quiz!

General Stats

  • This quiz has been taken 15 times
  • The average score is 11 of 25

Answer Stats

Position # Player WS % Correct
PG1Mike Conley71.4
100%
C1Marc Gasol77.4
100%
PF1Pau Gasol53.8
100%
SG1Tony Allen26.3
93%
PF2Zach Randolph51.2
93%
SF3Shareef Abdur-Rahim31.7
67%
C3Bryant Reeves13.0
60%
SF4Rudy Gay29.2
60%
PG2Jason Williams15.3
53%
SG2O.J. Mayo14.9
53%
SF1Shane Battier34.9
47%
SF2Mike Miller33.1
47%
PF3Stromile Swift18.5
47%
PG3Mike Bibby12.3
47%
C2Lorenzen Wright16.0
40%
PF4JaMychal Green13.0
33%
SG5Eddie Jones7.3
27%
PF5Hakim Warrick12.4
27%
SG4Michael Dickerson7.3
13%
PG4Greg Anthony8.3
13%
C4Jonas Valančiūnas8.5
7%
SG3Courtney Lee10.8
7%
SF5James Posey12.2
7%
PG5Chucky Atkins7.8
0%
C5Kosta Koufos6.8
0%

Score Distribution

Percentile by Number Answered

Percent of People with Each Score

Your Score History

You have not taken this quiz